Score 0/18 Timer 02:00
0 Plays Today
Song Missing Word % Correct
Like a Rolling ____Stone
98.9%
Blowin' in the ____Wind
98.2%
Lay ____ LayLady
65.8%
All Along the ____Watchtower
63.8%
Shelter from the ____Storm
62.7%
A Hard ____ a-Gonna FallRain's
60.1%
Tangled Up in ____Blue
59.1%
It Ain't Me ____Babe
56.6%
Mr. ____ ManTambourine
56.1%
Song Missing Word % Correct
Only a ____ in Their GamePawn
43.5%
Maggie's ____Farm
42%
Rainy Day ____ #12 & 35Women
36.4%
____ Homesick BluesSubterranean
35.2%
Ballad of a ____ ManThin
31.6%
____ RowDesolation
29%
____-Skin Pill-Box HatLeopard
28.9%
Visions of ____Johanna
28.3%
It's Alright, Ma (I'm Only ____)Bleeding
27.6%

Today's Daily Dose

Remove Ads.
Support Sporcle.
Get the best of Sporcle when you Go Orange. This ad-free experience offers more features, more stats, and more fun while also helping to support Sporcle. Thank you for becoming a member.

You're not logged in!

Compare scores with friends on all Sporcle quizzes.
OR
Log In

Sporcle TV

Today on Sporcle TV


Watch our educational content, quiz creation guides, and fun videos on Sporcle TV.

Show Comments

Extras

Top Quizzes Today


Score Distribution

Paid Content

Your Account Isn't Verified!

In order to create a playlist on Sporcle, you need to verify the email address you used during registration. Go to your Sporcle Settings to finish the process.

Report this User

Report this user for behavior that violates our Community Guidelines.

Details: